OPEC Countries - Sudden Death - Statistics

General Stats
  • This quiz has been taken 2,818 times
    2,730 since last reset
  • The average score is 11 of 16
Answers on the Grid
Answers color-coded by a green-red scale on the quiz's grid according to % correct below.
Algeria
Angola
Brunei
Canada
China
Ecuador
Egypt
Equatorial Guinea
Gabon
Indonesia
Iran
Iraq
Kuwait
Libya
Morocco
Niger
Nigeria
Norway
Qatar
Rep. of the Congo
Russia
Saudi Arabia
Sudan
Tunisia
Turkey
United Arab Emirates
United States
Venezuela
 
Answer Stats
Answer % Correct
1960– Saudi Arabia
88%
1960– Kuwait
86%
1960– Iran
85%
1960– Iraq
85%
1961–2019 Qatar
83%
1960– Venezuela
81%
1967–2026 United Arab Emirates
80%
1962– Libya
77%
1969– Algeria
76%
2007–2023 Angola
69%
1971– Nigeria
69%
2017– Equatorial Guinea
57%
1962–2008, 2016 Indonesia
54%
1975–1995, 2016– Gabon
50%
2018– Rep. of the Congo
48%
1973–1992, 2007–2020 Ecuador
45%
No matching quizzes found
Score Distribution
Percent of People with Each Score
Percentile by Number Answered
Your Score History
You have not taken this quiz since the last reset